Les premiers ministres belges depuis 1945. - Statistiques

Statistiques générales
  • Ce quiz a été pris 41 fois
  • Le résultat moyen est 8 sur 27
Statistiques - réponses
Hint Réponse % Correct
2011-14 Elio Di Rupo
97%
2014- Charles Michel
85%
2009-11 Yves Leterme
82%
1999-2008 Guy Verhofstadt
55%
2008-09 Herman Van Rompuy
52%
1991-99 Jean-Luc Dehaene
52%
1946 Paul-Henri Spaak
45%
1947-49 Paul-Henri Spaak
45%
1979-81 Wilfried Martens
39%
1981-92 Wilfried Martens
39%
1949-50 Gaston Eyskens
36%
1958-61 Gaston Eyskens
36%
1968-73 Gaston Eyskens
36%
1981 Mark Eyskens
36%
1974-78 Leo Tindemans
24%
1945 Hubert Pierlot
21%
1973-74 Edmond Leburton
15%
1966-68 Paul Vanden Boeynants
15%
1978-79 Paul Vanden Boeynants
15%
1946-46 Achille Van Acker
3%
1954-58 Achille Van Acker
3%
1952-54 Jean Van Houtte
3%
1950-52 Joseph Pholien
3%
1965-66 Pierre Harmel
3%
1946-47 Camille Huysmans
0%
1950 Jean Duvieusart
0%
1961-65 Théo Lefevre
0%
Aucun quiz correspondant
Distribution des résultats
% des personnes avec chaque résultat
Percentile par nombre de réponses
Votre historique - résultats
Vous n’avez pas pris ce quiz